000 00697cam a22002171 4500
001 he 68000511
003 DLC
005 20260227111453.0
008 830728s1966 is 000 0 heb
010 _ahe 68000511
035 _a(OCoLC)19148805
040 _aDLC
_cMH
_dDLC
042 _apremarc
050 0 0 _aDS126.6.A7
_bC6
100 1 _aCohen, Adir.
245 1 0 _aBe-ruaḥ seʻarah :
_bperaḳim me-ḥayaṿ u-mifʻalo shel Yehudah Arazi /
_c[neʻerakh ʻal yede Adir Kohen]
260 _a[Tel Aviv] :
_b[Museʼon Tsahal, Bet Eliyahu-Bet ha-haganah],
_c1966.
300 _a148 p. :
_bill., facsim., ports. ;
_c22 cm.
600 1 0 _aArazi, Yehuda,
_d1907-1959.
752 _aIsrael
_dTel Aviv
999 _c32947
_d32947